000 01091nam a22002897a 4500
999 _c21493
_d21493
003 AR-CdUCM
008 190220b ||||| |||| 00| 0 spa d
020 _a9789972516498
040 _aMUNICIPALIDAD PROVINCIAL DEL CUSCO
_cBIBLIOTECA MUNICIPAL DEL CUSCO
082 _a352.6309/G16
_bG16
100 _aGálvez, Álvaro
_945056
245 _aBurócratas y tecnócratas :
_bla infructuosa búsqueda de la eficiencia empresarial en el Estado peruano del siglo XXI /
_cÁlvaro Gálvez, Álvaro Grompone
260 _aLima :
_bInstituto de Estudios Peruanos, IEP,
_c2017.
300 _a233 páginas. :
_bilustraciones ;
_c21 cm.
440 _aSerie Perú Problema,
_n54.
_945057
500 _zBibliografía: p. [215]-233.
650 _aBurocracia
_91866
650 _aInstituciones públicas
_921565
650 _aAdministración pública
_945058
650 _aEstado
_9738
650 _aFuncionarios y empleados
_945059
650 _aPerú
_945060
700 _aGrompone, Álvaro
_945061
710 _aInstituto de Estudios Peruanos (Lima)
_99759
942 _2ddc
_cLIBROS
945 _aRoel